000 00771nam a22002537i 4500
003 URS
005 20260128141551.0
008 181015b xxu||||| |||| 00| 0 eng d
020 _a9789712368219
040 _erda
_cURS
_bEnglish
050 _aLB1060
_b.Aq56 2015
100 _aAquino, Avelina M.,
_eauthor.
245 _aFacilitating human learning /
_cAvelina M. Aquino.
264 _aQuezon City :
_bRex Printing Company, Incorporated,
_c©2015.
300 _a294 pages ;
_c25 cm.
336 _atext
_btxt
_2rdacontent
337 _aunmediated
_bn
_2rdamedia
338 _avolume
_bnc
_2rdacarrier
500 _aIncludes index.
650 0 _aLearning
_vPhysiological aspects.
650 0 _aLearning, Psychology of.
650 0 _aSocial learning.
942 _2lcc
_cF
999 _c10423
_d10423